|
|
|
|
| LEADER |
02246nam a2200349 a 4500 |
| 001 |
13056488 |
| 008 |
090617r2004 mau 000 0 eng d |
| 999 |
|
|
|c 9525
|d 9525
|
| 010 |
|
|
|a 2003100462
|
| 020 |
|
|
|a 0070582343
|
| 020 |
|
|
|a 0072536861(alk.paper)
|
| 020 |
|
|
|a 0071214690 (international : alk.paper)
|
| 040 |
|
|
|a DLC
|c DLC
|
| 082 |
0 |
0 |
|a 658.8342
|2 22
|
| 100 |
1 |
|
|a Hawkins, Del I.
|9 32930
|
| 245 |
1 |
0 |
|a Consumer behavior :
|b building marketing strategy /
|c Del I. Hawkins, Roger J. Best, Kenneth A. Coney.
|
| 250 |
|
|
|a 9th ed.
|
| 260 |
|
|
|a Boston, MA, ;
|a New Delhi, :
|b McGraw-Hill/Irwin,
|c 2004.[Reprinted]
|
| 300 |
|
|
|a xxvi, 790p. :
|b ill. ;
|c 25cm.
|e + 1 CD ROM.
|
| 490 |
1 |
|
|a McGraw-Hill/Irwin series in marketing
|
| 538 |
|
|
|a System requirements for accompying CD ROM.
|
| 541 |
1 |
|
|e 00013488
|
| 650 |
|
0 |
|a Consumer behavior.
|9 32931
|
| 852 |
4 |
|
|a Ayesha Abed Library
|j General shelf
|
| 942 |
0 |
0 |
|0 4
|2 ddc
|c BK
|
| 952 |
|
|
|0 0
|1 0
|2 ddc
|3 Send it to the Cataloging team for changing Call number
|4 0
|6 658_834000000000000_HAW
|7 0
|9 11997
|a BRACUL
|b BRACUL
|c GEN
|d 2010-09-22
|g 660.00
|l 13
|m 128
|o 658.834 HAW
|p 3010013488
|r 2020-01-22
|s 2018-09-29
|t 1
|w 2010-09-22
|y BK
|
| 952 |
|
|
|0 0
|1 0
|2 ddc
|4 0
|6 658_834000000000000_HAW_2004
|7 0
|9 11998
|a BRACUL
|b BRACUL
|c AV
|d 2010-09-22
|l 2
|o 658.834 HAW
|p 4010013500
|r 2011-08-01
|s 2011-07-24
|t 1
|w 2010-09-22
|y AV
|
| 952 |
|
|
|0 0
|1 0
|2 ddc
|4 1
|6 658_834000000000000_HAW
|7 0
|9 11999
|a BRACUL
|b BRACUL
|c SPS
|d 2010-09-22
|g 200.00
|l 14
|m 103
|o 658.834 HAW
|p 3010013500
|r 2016-10-30
|s 2016-10-03
|t 2
|w 2010-09-22
|y BK
|x Photocopy Book. Declared as Damaged on December 10, 2023
|
| 952 |
|
|
|0 0
|1 0
|2 ddc
|4 0
|6 658_834000000000000_HAW
|7 0
|9 12000
|a BRACUL
|b BRACUL
|c GEN
|d 2010-09-22
|g 660.00
|l 14
|m 120
|o 658.834 HAW
|p 3010013489
|r 2020-11-03
|s 2020-02-26
|t 3
|w 2010-09-22
|y BK
|
| 952 |
|
|
|0 0
|1 0
|2 ddc
|4 0
|6 658_834000000000000_HAW_2004
|7 0
|9 12001
|a BRACUL
|b BRACUL
|c AV
|d 2010-09-22
|l 0
|o 658.834 HAW
|p 4010013489
|r 2010-09-22
|t 2
|w 2010-09-22
|y AV
|
| 952 |
|
|
|0 0
|1 0
|2 ddc
|4 0
|6 658_834000000000000_HAW
|7 0
|9 18647
|a BRACUL
|b BRACUL
|c GEN
|d 2011-11-23
|g 660.00
|l 17
|m 163
|o 658.834 HAW
|p 3010013487
|r 2026-02-17
|s 2025-10-13
|t 4
|w 2011-11-23
|y BK
|
| 952 |
|
|
|0 0
|1 0
|2 ddc
|4 0
|6 658_800000000000000_34_HAW_2004
|7 0
|9 62206
|a BRACUL
|b BRACUL
|c AV
|d 2010-09-22
|l 0
|o 658.834 HAW
|p 4010013488
|r 2017-12-07
|t 1
|w 2010-09-22
|y AV
|